000 00650nam a2200241Ia 4500
003 OSt
005 20221007073446.0
006 a|||||r|||| 00| 0
007 ta
008 221006b |||||||| |||| 00| 0 eng d
024 _a24,735
037 _cTextual
040 _aFLL
_cFLL
_beng
041 _2eng
_aeng
082 _aZ2qxM97, M0
100 _aMahajan Vidya Dhar
245 0 _aGeneral clauses acts
_b central and states
250 _a5th
260 _aLucknow
_bEastern Book Company India
_c1980
300 _axliii,961p
_ccm.
942 _hZ2qxM97, M0
_cTEXL
_2CC
999 _c1148812
_d1148812